Digital signal process principal algorithms and applications (Record no. 5423)

MARC details
000 -LEADER
fixed length control field 00567nam a2200193Ia 4500
003 - CONTROL NUMBER IDENTIFIER
control field SGT
020 ## - INTERNATIONAL STANDARD BOOK NUMBER
International Standard Book Number 9788131710005
082 ## - DEWEY DECIMAL CLASSIFICATION NUMBER
Classification number 621.3822
Item number PRO
100 ## - MAIN ENTRY--PERSONAL NAME
Personal name Proakis,John G
245 ## - TITLE STATEMENT
Title Digital signal process principal algorithms and applications
250 ## - EDITION STATEMENT
Edition statement 4th . Ed.
260 ## - PUBLICATION, DISTRIBUTION, ETC. (IMPRINT)
Name of publisher, distributor, etc Pearson
Place of publication, distribution, etc N.Delhi
Year of Publication 2009
300 ## - PAGE DESCRIPTION
No. of Pages 1136p.
490 ## - SERIES STATEMENT
Series statement ELECTRONICS ENGINEERING
650 ## - SUBJECT ADDED ENTRY--TOPICAL TERM
Topical term or geographic name as entry element ELECTRONICS ENGINEERING
653 ## - KEYWORDS--INDEX TERM
Keyword term DISCRETE TIMESIGNALS SYSTEM, TRANSFORM AND ITS APPLICATION TO THE ANALYSIS SYSTEMS
700 ## - ADDED ENTRY--PERSONAL NAME
Personal name Manolakis,Dimitris G
942 ## - ADDED ENTRY ELEMENTS (KOHA)
Source of classification or shelving scheme Dewey Decimal Classification
Koha item type Books
Holdings
Withdrawn status Lost status Source of classification or shelving scheme Damaged status Not for loan Home library Current library Date acquired SGTU Total Checkouts Full call number Accession No. (Barcode) Date last seen Date last borrowed Bill Date Koha item type Total Renewals
    Dewey Decimal Classification     SGT Engineering Library SGT Engineering Library 07/08/2012 SGTU 1 621.3822 PRO FE4677 19/05/2018 17/05/2018 09/02/2015 Books  
    Dewey Decimal Classification     SGT Engineering Library SGT Engineering Library 07/08/2012 SGTU 3 621.3822 PRO FE4678 29/09/2018 17/09/2018 09/02/2015 Books  
    Dewey Decimal Classification     SGT Engineering Library SGT Engineering Library 07/08/2012 SGTU 3 621.3822 PRO FE4679 27/09/2018 13/09/2018 09/02/2015 Books 1
    Dewey Decimal Classification     SGT Engineering Library SGT Engineering Library 07/08/2012 SGTU 2 621.3822 PRO FE4680 15/01/2018 08/01/2018 09/02/2015 Books  
    Dewey Decimal Classification     SGT Engineering Library SGT Engineering Library 07/08/2012 SGTU   621.3822 PRO FE4681 09/02/2015   09/02/2015 Books  
    Dewey Decimal Classification     SGT Engineering Library SGT Engineering Library 06/11/2012 SGTU   621.3822 PRO FE5013 09/02/2015   09/02/2015 Books  
    Dewey Decimal Classification     SGT Engineering Library SGT Engineering Library 06/11/2012 SGTU 1 621.3822 PRO FE5014 06/02/2018 24/01/2018 09/02/2015 Books  
    Dewey Decimal Classification     SGT Engineering Library SGT Engineering Library 06/11/2012 SGTU 1 621.3822 PRO FE5015 28/12/2017 11/09/2017 09/02/2015 Books  
    Dewey Decimal Classification     SGT Engineering Library SGT Engineering Library 06/11/2012 SGTU 1 621.3822 PRO FE5016 06/02/2018 24/01/2018 09/02/2015 Books  
    Dewey Decimal Classification     SGT Engineering Library SGT Engineering Library 06/11/2012 SGTU 1 621.3822 PRO FE5017 05/02/2018 24/01/2018 09/02/2015 Books  
    Dewey Decimal Classification     SGT Engineering Library SGT Engineering Library 06/11/2012 SGTU 1 621.3822 PRO FE5018 30/12/2017 11/09/2017 09/02/2015 Books  
    Dewey Decimal Classification     SGT Engineering Library SGT Engineering Library 06/11/2012 SGTU 1 621.3822 PRO FE5019 06/02/2018 24/01/2018 09/02/2015 Books  
    Dewey Decimal Classification     SGT Engineering Library SGT Engineering Library 06/11/2012 SGTU 1 621.3822 PRO FE5020 23/11/2017 16/11/2017 09/02/2015 Books 1